00499nam a2200133Ia 4500008004100000020003000041082002200071100004100093245006900134300002400203942001300227999001900240952010600259210430s9999 xx 000 0 und d a9781569905128 (hardcover) a668.4120685 F331F aPeter K. Kennedy, Rong Zheng9127030 aFlow analysis of injection molds /cPeter K, Kennedy, Rong Zheng axxviii, 349 pages : cREF2ddc c565750d565750 00104070aSCMEbSCMEcREFd0000-00-00l0o668.4120685 F331FpSCME-4699r2021-04-30w2021-04-30yREF